Anticipation and surprises in central bank interest rate policy <the> case of the Bundesbank

Salvato in:
Dettagli Bibliografici
Autore principale: Hardy, Daniel C.
Natura: Libro
Lingua:inglese
Pubblicazione: Washington International Monetary Fund 1998
Serie:IMF Working Paper 43
Soggetti:
Tags: Aggiungi Tag
Nessun Tag, puoi essere il primo ad aggiungerne!!

MARC

LEADER 00000nam a2200000 4500
001 c102588
005 20221221081604.9
041 0 |a eng 
044 |a US 
245 1 0 |a Anticipation and surprises in central bank interest rate policy  |b <the> case of the Bundesbank  |c Daniel C. Hardy 
264 1 |a Washington  |b International Monetary Fund  |c 1998 
300 |a 28 s. 
490 1 |a IMF Working Paper  |v 43 
830 0 |a IMF Working Paper  |v 43 
610 2 0 |a sadzby úrokové 
610 2 0 |a politika úverová 
610 2 0 |a banky centrálne 
610 2 0 |a politika peňažná 
610 2 0 |a Nemecko 
100 1 |a Hardy, Daniel C.